Tribhuvan University Central Library

Humanity; an introduction to cultural anthropology (Record no. 83709)

MARC details
000 -LEADER
fixed length control field 00508nam a2200181 4500
008 - FIXED-LENGTH DATA ELEMENTS--GENERAL INFORMATION
fixed length control field 181003b xxu||||| |||| 00| 0 eng d
020 ## - INTERNATIONAL STANDARD BOOK NUMBER
International Standard Book Number 0534514553
082 ## - DEWEY DECIMAL CLASSIFICATION NUMBER
Classification number 306
Item number P39h
100 ## - MAIN ENTRY--PERSONAL NAME
Personal name Peoples, James
245 ## - TITLE STATEMENT
Title Humanity; an introduction to cultural anthropology
250 ## - EDITION STATEMENT
Edition statement 5th ed.
260 ## - PUBLICATION, DISTRIBUTION, ETC.
Place of publication, distribution, etc. Australia:
Name of publisher, distributor, etc. Wadsworth Thomson Learning,
Date of publication, distribution, etc. 2000
300 ## - PHYSICAL DESCRIPTION
Extent xv, 392p. illus.
504 ## - BIBLIOGRAPHY, ETC. NOTE
Bibliography, etc. note Bibliography: p. 374 - 383
650 ## - SUBJECT ADDED ENTRY--TOPICAL TERM
Topical term or geographic name entry element Ethnology
700 ## - ADDED ENTRY--PERSONAL NAME
Personal name Bailey, Garrick
942 ## - ADDED ENTRY ELEMENTS (KOHA)
Source of classification or shelving scheme Dewey Decimal Classification
Koha item type General Collections
Holdings
Withdrawn status Lost status Source of classification or shelving scheme Damaged status Not for loan Home library Current library Shelving location Date acquired Total Checkouts Full call number Barcode Date last seen Price effective from Koha item type
    Dewey Decimal Classification     Tribhuvan University Central Library Tribhuvan University Central Library New Building 10/03/2018   306 P39h 158513 10/03/2018 10/03/2018 General Collections